000 00651nam a2200277Ia 4500
005 20260320195748.0
008 008 262003s9999 xx 000 0 hin d
020 _a9789390971220
037 _aEBOOK
040 _aCRL
040 _bhin
040 _cCRL
041 _2hin
041 _ahin
084 _qCRL
100 _aऐलिस मुनरो, अनु. आनंद
_91133042
245 0 _aपलायन
250 _a1st
260 _bRajkamal
260 _c2022
300 _a160
856 _uhttps://ebook.indiaread.in/pdfs/9789390971220.pdf
942 _cEBOOK
999 _c1716358
_d1716358